000 00568nam a2200217Ia 4500
005 20250213055110.0
008 240331s9999 xx 000 0 und d
020 _a8125905073
082 _bTHI
_24276
_a305.4
100 _aThiruchandran, S
245 4 _aThe Spectrum of Femininity:
_bA Process of Deconstruction
260 _aNew Delhi;
_aBangalore
_bVikas Publishing House
_c1998
300 _ax, 149 p.,
650 _aFeminism
650 _aWomen
650 _aSociopolitical
650 _aGender
650 _aEthnicity
650 _aHinduism
942 _cL
999 _c1709
_d1709